All Ben 10 Aliens Quiz - Statistics

General Stats
  • This quiz has been taken 7,964 times
  • The average score is 32 of 67
Answer Stats
Answer % Correct
Four Arms
91%
Heatblast
90%
Diamondhead
87%
XLR8
85%
Grey Matter
84%
Way Big
84%
Ghostfreak
79%
Wildmutt
79%
Cannonbolt
77%
Upgrade
76%
Stinkfly
75%
Alien X
74%
Swampfire
74%
Echo Echo
72%
Big Chill
69%
Ripjaws
69%
Wildvine
67%
Jetray
63%
Blitzwolfer
62%
Ditto
59%
Chromastone
58%
Spidermonkey
57%
Upchuck
57%
Snare-oh
55%
Goop
54%
Humungousaur
53%
Feedback
51%
Frankenstrike
51%
NRG
49%
Water Hazard
49%
Brainstorm
48%
Rath
48%
Eye Guy
45%
Ampfibian
44%
Fasttrack
43%
Bloxx
41%
Armodrillo
40%
Terraspin
39%
The Worst
37%
Clockwork
35%
Nanomech
35%
Spitter
35%
Arctiguana
34%
Atomix
34%
Buzzshock
34%
Gravattack
34%
Lodestar
34%
Shocksquatch
31%
Pesky Dust
29%
Juryrigg
28%
Crashhopper
26%
Eatle
26%
Walkatrout
25%
Whampire
25%
Chamalien
24%
Kickin Hawk
24%
Mole-Stache
23%
Toepick
23%
Ball Weevil
22%
Overflow
22%
Astrodactyl
21%
Bullfrag
21%
Shock Rock
21%
Gax
20%
Gutrot
20%
Slapback
18%
Surge
13%
No matching quizzes found
Score Distribution
Percent of People with Each Score
Percentile by Number Answered
Your Score History
You have not taken this quiz